<?xml version="1.0" encoding="UTF-8"?>
<collection xmlns="http://www.loc.gov/MARC21/slim">
 <record>
  <leader>02522aam a22003018a 4500</leader>
  <controlfield tag="001">NCT_2554</controlfield>
  <controlfield tag="008">150914s2015                  ||||||viesd</controlfield>
  <datafield tag="999" ind1=" " ind2=" ">
   <subfield code="c">133</subfield>
   <subfield code="d">133</subfield>
  </datafield>
  <datafield tag="020" ind1=" " ind2=" ">
   <subfield code="a">9786046613121</subfield>
   <subfield code="c">120000</subfield>
  </datafield>
  <datafield tag="082" ind1="0" ind2="4">
   <subfield code="2">23rd ed.</subfield>
   <subfield code="a">617.540757</subfield>
   <subfield code="b">Th107</subfield>
  </datafield>
  <datafield tag="100" ind1="1" ind2=" ">
   <subfield code="a">Nguyễn Văn Thành</subfield>
  </datafield>
  <datafield tag="245" ind1="1" ind2="0">
   <subfield code="a">Thực hành X quang ngực</subfield>
   <subfield code="c">Nguyễn Văn Thành</subfield>
  </datafield>
  <datafield tag="250" ind1=" " ind2=" ">
   <subfield code="a">Tái bản lần thứ 3 có sửa chữa bổ sung</subfield>
  </datafield>
  <datafield tag="260" ind1=" " ind2=" ">
   <subfield code="a">H.</subfield>
   <subfield code="b">Y học</subfield>
   <subfield code="c">2015</subfield>
  </datafield>
  <datafield tag="300" ind1=" " ind2=" ">
   <subfield code="a">170tr.</subfield>
   <subfield code="b">minh hoạ</subfield>
   <subfield code="c">24cm</subfield>
  </datafield>
  <datafield tag="520" ind1="3" ind2=" ">
   <subfield code="a">Nội dung tài liệu trình bày các kiến thức cơ bản về phân tích thăm dò chức năng và chẩn đoán hình ảnh X-quang lồng ngực nhằm tìm ra các dấu hiệu bất thường và các hội chứng lớn trong X-quang ngực</subfield>
  </datafield>
  <datafield tag="942" ind1=" " ind2=" ">
   <subfield code="2">ddc</subfield>
   <subfield code="c">BK</subfield>
  </datafield>
  <datafield tag="952" ind1=" " ind2=" ">
   <subfield code="0">0</subfield>
   <subfield code="1">0</subfield>
   <subfield code="2">ddc</subfield>
   <subfield code="4">0</subfield>
   <subfield code="6">617_540757000000000_TH107</subfield>
   <subfield code="7">0</subfield>
   <subfield code="9">541</subfield>
   <subfield code="a">000001</subfield>
   <subfield code="b">000001</subfield>
   <subfield code="d">2017-10-07</subfield>
   <subfield code="o">617.540757 Th107</subfield>
   <subfield code="p">MD.00601</subfield>
   <subfield code="r">2017-10-07</subfield>
   <subfield code="v">120000.00</subfield>
   <subfield code="w">2017-10-07</subfield>
   <subfield code="y">BK</subfield>
  </datafield>
  <datafield tag="952" ind1=" " ind2=" ">
   <subfield code="0">0</subfield>
   <subfield code="1">0</subfield>
   <subfield code="2">ddc</subfield>
   <subfield code="4">0</subfield>
   <subfield code="6">617_540757000000000_TH107</subfield>
   <subfield code="7">0</subfield>
   <subfield code="9">542</subfield>
   <subfield code="a">000001</subfield>
   <subfield code="b">000001</subfield>
   <subfield code="d">2017-10-07</subfield>
   <subfield code="o">617.540757 Th107</subfield>
   <subfield code="p">MD.00602</subfield>
   <subfield code="r">2017-10-07</subfield>
   <subfield code="v">120000.00</subfield>
   <subfield code="w">2017-10-07</subfield>
   <subfield code="y">BK</subfield>
  </datafield>
  <datafield tag="952" ind1=" " ind2=" ">
   <subfield code="0">0</subfield>
   <subfield code="1">0</subfield>
   <subfield code="2">ddc</subfield>
   <subfield code="4">0</subfield>
   <subfield code="6">617_540757000000000_TH107</subfield>
   <subfield code="7">0</subfield>
   <subfield code="9">543</subfield>
   <subfield code="a">000001</subfield>
   <subfield code="b">000001</subfield>
   <subfield code="d">2017-10-07</subfield>
   <subfield code="o">617.540757 Th107</subfield>
   <subfield code="p">MD.00603</subfield>
   <subfield code="r">2017-10-07</subfield>
   <subfield code="v">120000.00</subfield>
   <subfield code="w">2017-10-07</subfield>
   <subfield code="y">BK</subfield>
  </datafield>
  <datafield tag="952" ind1=" " ind2=" ">
   <subfield code="0">0</subfield>
   <subfield code="1">0</subfield>
   <subfield code="2">ddc</subfield>
   <subfield code="4">0</subfield>
   <subfield code="6">617_540757000000000_TH107</subfield>
   <subfield code="7">0</subfield>
   <subfield code="9">544</subfield>
   <subfield code="a">000001</subfield>
   <subfield code="b">000001</subfield>
   <subfield code="d">2017-10-07</subfield>
   <subfield code="o">617.540757 Th107</subfield>
   <subfield code="p">MD.00604</subfield>
   <subfield code="r">2017-10-07</subfield>
   <subfield code="v">120000.00</subfield>
   <subfield code="w">2017-10-07</subfield>
   <subfield code="y">BK</subfield>
  </datafield>
  <datafield tag="952" ind1=" " ind2=" ">
   <subfield code="0">0</subfield>
   <subfield code="1">0</subfield>
   <subfield code="2">ddc</subfield>
   <subfield code="4">0</subfield>
   <subfield code="6">617_540757000000000_TH107</subfield>
   <subfield code="7">0</subfield>
   <subfield code="9">545</subfield>
   <subfield code="a">000001</subfield>
   <subfield code="b">000001</subfield>
   <subfield code="d">2017-10-07</subfield>
   <subfield code="o">617.540757 Th107</subfield>
   <subfield code="p">MD.00605</subfield>
   <subfield code="r">2017-10-07</subfield>
   <subfield code="v">120000.00</subfield>
   <subfield code="w">2017-10-07</subfield>
   <subfield code="y">BK</subfield>
  </datafield>
  <datafield tag="952" ind1=" " ind2=" ">
   <subfield code="0">0</subfield>
   <subfield code="1">0</subfield>
   <subfield code="2">ddc</subfield>
   <subfield code="4">0</subfield>
   <subfield code="6">617_540757000000000_TH107</subfield>
   <subfield code="7">0</subfield>
   <subfield code="9">546</subfield>
   <subfield code="a">000001</subfield>
   <subfield code="b">000001</subfield>
   <subfield code="d">2017-10-07</subfield>
   <subfield code="o">617.540757 Th107</subfield>
   <subfield code="p">MD.00536</subfield>
   <subfield code="r">2017-10-07</subfield>
   <subfield code="v">120000.00</subfield>
   <subfield code="w">2017-10-07</subfield>
   <subfield code="y">BK</subfield>
  </datafield>
  <datafield tag="952" ind1=" " ind2=" ">
   <subfield code="0">0</subfield>
   <subfield code="1">0</subfield>
   <subfield code="2">ddc</subfield>
   <subfield code="4">0</subfield>
   <subfield code="6">617_540757000000000_TH107</subfield>
   <subfield code="7">0</subfield>
   <subfield code="9">547</subfield>
   <subfield code="a">000001</subfield>
   <subfield code="b">000001</subfield>
   <subfield code="d">2017-10-07</subfield>
   <subfield code="l">1</subfield>
   <subfield code="o">617.540757 Th107</subfield>
   <subfield code="p">MD.00537</subfield>
   <subfield code="r">2020-12-03</subfield>
   <subfield code="s">2020-11-26</subfield>
   <subfield code="v">120000.00</subfield>
   <subfield code="w">2017-10-07</subfield>
   <subfield code="y">BK</subfield>
  </datafield>
  <datafield tag="952" ind1=" " ind2=" ">
   <subfield code="0">0</subfield>
   <subfield code="1">0</subfield>
   <subfield code="2">ddc</subfield>
   <subfield code="4">0</subfield>
   <subfield code="6">617_540757000000000_TH107</subfield>
   <subfield code="7">0</subfield>
   <subfield code="9">548</subfield>
   <subfield code="a">000001</subfield>
   <subfield code="b">000001</subfield>
   <subfield code="d">2017-10-07</subfield>
   <subfield code="l">1</subfield>
   <subfield code="o">617.540757 Th107</subfield>
   <subfield code="p">MD.00538</subfield>
   <subfield code="r">2021-02-05</subfield>
   <subfield code="s">2021-01-30</subfield>
   <subfield code="v">120000.00</subfield>
   <subfield code="w">2017-10-07</subfield>
   <subfield code="y">BK</subfield>
  </datafield>
  <datafield tag="952" ind1=" " ind2=" ">
   <subfield code="0">0</subfield>
   <subfield code="1">0</subfield>
   <subfield code="2">ddc</subfield>
   <subfield code="4">0</subfield>
   <subfield code="6">617_540757000000000_TH107</subfield>
   <subfield code="7">0</subfield>
   <subfield code="9">549</subfield>
   <subfield code="a">000001</subfield>
   <subfield code="b">000001</subfield>
   <subfield code="d">2017-10-07</subfield>
   <subfield code="o">617.540757 Th107</subfield>
   <subfield code="p">MD.00539</subfield>
   <subfield code="r">2017-10-07</subfield>
   <subfield code="v">120000.00</subfield>
   <subfield code="w">2017-10-07</subfield>
   <subfield code="y">BK</subfield>
  </datafield>
  <datafield tag="952" ind1=" " ind2=" ">
   <subfield code="0">0</subfield>
   <subfield code="1">0</subfield>
   <subfield code="2">ddc</subfield>
   <subfield code="4">0</subfield>
   <subfield code="6">617_540757000000000_TH107</subfield>
   <subfield code="7">0</subfield>
   <subfield code="9">550</subfield>
   <subfield code="a">000001</subfield>
   <subfield code="b">000001</subfield>
   <subfield code="d">2017-10-07</subfield>
   <subfield code="o">617.540757 Th107</subfield>
   <subfield code="p">MD.00540</subfield>
   <subfield code="r">2017-10-07</subfield>
   <subfield code="v">120000.00</subfield>
   <subfield code="w">2017-10-07</subfield>
   <subfield code="y">BK</subfield>
  </datafield>
  <datafield tag="980" ind1=" " ind2=" ">
   <subfield code="a">Thư viện Trường Đại học Nam Cần Thơ</subfield>
  </datafield>
 </record>
</collection>
